000 00532nam a2200229Ia 4500
003 OSt
005 20220918200004.0
006 a|||||r|||| 00| 0
007 ta
008 220917b |||||||| |||| 00| 0 eng d
024 _a87,058
037 _cTextual
040 _aARTS
_cARTS
_beng
041 _2eng
_aeng
082 _aT:78, H4
100 _aMckown H C
_992282
245 0 _aStudent council
260 _c1944
650 _aEDUCATION
942 _hT:78, H4
_cTEXL
_2CC
999 _c210753
_d210753